00358nam a22001217a 4500082001400000100001400014245006500028260004400093650002000137650001500157700001600172856004800188 a621.81MOD aModi, P.N aHydraulics and Fluid Mechanics Including Hydraulics Machines aNew Delhi:bStandard Book House,c2011. aFluid Mechanics aHydraulics aSeth, S.M.  uhttp://10.10.170.122:8080/browse/book/20643